[Event "Hampshire Major"]
[Site "Eastleigh"]
[Date "2011.11.06"]
[Round "6"]
[White "Stone, Mark R"]
[Black "Manning, Peter A"]
[Result "1-0"]
[WhiteElo "1672"]
[BlackElo "1720"]
[PlyCount "51"]
[EventDate "2011.11.04"]
[EventType "swiss"]
[EventRounds "6"]
[EventCountry "ENG"]
[SourceTitle "BritBase"]
[Source "John Saunders"]
[SourceDate "2025.01.31"]
[SourceVersion "1"]
[SourceVersionDate "2025.01.31"]
[SourceQuality "1"]

1. e4 Nf6 2. e5 Nd5 3. d4 d6 4. Nf3 Nc6 5. c4 Nb6 6. Be2 Bg4 7. Nbd2 dxe5 8. d5 Nd4 9. Nxd4 h5 10. Bxg4 hxg4 11. Nf5 e6 12. dxe6 fxe6 13. Ne3 Qd6 14. Qxg4 O-O-O 15. O-O e4 16. h3 Nd7 17. Nxe4 Qe7 18. Ng5 Rh6 19. Rb1 Ne5 20. Qg3 Qc5 21. Ng4 Nxg4 22. Qxg4 Qb4 23. Be3 Rf6 24. Nxe6 Rxe6 25. Qxe6+ Kb8 26. Rbd1 1-0

[Event "Hampshire Major"]
[Site "Eastleigh"]
[Date "2011.11.06"]
[Round "6"]
[White "Sullivan, Ken"]
[Black "Pope, Michael R"]
[Result "1-0"]
[WhiteElo "1680"]
[BlackElo "1680"]
[PlyCount "41"]
[EventDate "2011.11.04"]
[EventType "swiss"]
[EventRounds "6"]
[EventCountry "ENG"]
[SourceTitle "BritBase"]
[Source "John Saunders"]
[SourceDate "2025.01.31"]
[SourceVersion "1"]
[SourceVersionDate "2025.01.31"]
[SourceQuality "1"]

1. e4 d5 2. exd5 Qxd5 3. Nc3 Qd6 4. d4 c6 5. Nf3 Bg4 6. h3 Bxf3 7. Qxf3 Qxd4 8. Be3 Qf6 9. Qe4 e6 10. O-O-O Qe7 11. h4 Nf6 12. Qd3 Na6 13. Ne4 Nxe4 14. Qxe4 Nc5 15. Qc4 b5 16. Qc3 a5 17. Be2 b4 18. Qc4 f6 19. Bxc5 Qxc5 20. Qxe6+ Be7 21. Bc4 1-0

[Event "Hampshire Major"]
[Site "Eastleigh"]
[Date "2011.11.06"]
[Round "6"]
[White "Williams, Peter D"]
[Black "Symons, John B"]
[Result "0-1"]
[WhiteElo "1704"]
[BlackElo "1800"]
[PlyCount "64"]
[EventDate "2011.11.04"]
[EventType "swiss"]
[EventRounds "6"]
[EventCountry "ENG"]
[SourceTitle "BritBase"]
[Source "John Saunders"]
[SourceDate "2025.01.31"]
[SourceVersion "1"]
[SourceVersionDate "2025.01.31"]
[SourceQuality "1"]

1. c4 e5 2. g3 g6 3. Bg2 Bg7 4. Nc3 Nc6 5. Nf3 f5 6. e4 d6 7. Qb3 Na5 8. Qa4+ Nc6 9. d3 Nf6 10. b4 O-O 11. b5 Ne7 12. Ba3 b6 13. Qb3 Kh8 14. Ng5 h6 15. Nf3 Nh5 16. exf5 Bxf5 17. O-O-O a5 18. h3 Be6 19. Nd2 Rxf2 20. Bxa8 Qxa8 21. Nde4 Rf8 22. g4 Nf4 23. Qc2 Qd8 24. g5 h5 25. h4 Nf5 26. Qd2 Nd4 27. Rdf1 Rf7 28. Kb1 Bf5 29. Nd5 Nde2 30. Nxf4 Nxf4 31. Ng3 Bxd3+ 32. Kc1 Bxc4 0-1